Eleven minutes (Record no. 57312)
[ view plain ]
| 000 -LEADER | |
|---|---|
| fixed length control field | 00696nam a2200241Ia 4500 |
| 005 - DATE AND TIME OF LATEST TRANSACTION | |
| control field | 20260629163254.0 |
| 008 - FIXED-LENGTH DATA ELEMENTS--GENERAL INFORMATION | |
| fixed length control field | 260629s9999||||xx |||||||||||||| ||und|| |
| 020 ## - INTERNATIONAL STANDARD BOOK NUMBER | |
| International Standard Book Number | 9788172235635 |
| Qualifying information | pbk |
| 082 ## - DEWEY DECIMAL CLASSIFICATION NUMBER | |
| Classification number | 869.342 |
| Item number | COE |
| 100 ## - MAIN ENTRY--PERSONAL NAME | |
| Personal name | Coelho, Paulo |
| 245 #0 - TITLE STATEMENT | |
| Title | Eleven minutes |
| 250 ## - EDITION STATEMENT | |
| Edition statement | 1st ed. 2003 ; 18th imp. 2011 |
| 260 ## - PUBLICATION, DISTRIBUTION, ETC. | |
| Place of publication, distribution, etc. | Noida |
| Name of publisher, distributor, etc. | HarperCollins Publishers India |
| Date of publication, distribution, etc. | 2003 |
| 300 ## - PHYSICAL DESCRIPTION | |
| Extent | xi, 275p. ; 20cm. |
| 653 ## - INDEX TERM--UNCONTROLLED | |
| Uncontrolled term | Love—Fiction |
| 653 ## - INDEX TERM--UNCONTROLLED | |
| Uncontrolled term | Onze minutos. English |
| 653 ## - INDEX TERM--UNCONTROLLED | |
| Uncontrolled term | Prostitutes—Fiction |
| 653 ## - INDEX TERM--UNCONTROLLED | |
| Uncontrolled term | Psychological fiction |
| 653 ## - INDEX TERM--UNCONTROLLED | |
| Uncontrolled term | Self-realization—Fiction |
| 653 ## - INDEX TERM--UNCONTROLLED | |
| Uncontrolled term | Women—Brazil—Fiction |
| 700 ## - ADDED ENTRY--PERSONAL NAME | |
| Personal name | Costa, Margaret Jull [tr.] |
| 942 ## - ADDED ENTRY ELEMENTS (KOHA) | |
| Koha item type | Book |
| Withdrawn status | Lost status | Damaged status | Not for loan | Home library | Current library | Shelving location | Date acquired | Source of acquisition | Total Checkouts | Full call number | Barcode | Date last seen | Price effective from | Koha item type |
|---|---|---|---|---|---|---|---|---|---|---|---|---|---|---|
| LRC, IIT Indore | LRC, IIT Indore | 2nd Floor - General Stack | 29/06/2026 | Gratis Book Price: INR 299.00 | 869.342 COE | G2537 | 29/06/2026 | 29/06/2026 | Book |
